Pathology and genetics of tumours of the digestive system (Record no. 33374)

MARC details
000 -LEADER
fixed length control field 00382nam a2200157Ia 4500
020 ## - INTERNATIONAL STANDARD BOOK NUMBER
ISBN 9283224108
050 ## - CALL MARK
Classification number RC 280 .P38/
245 #0 - TITLE STATEMENT
Title Pathology and genetics of tumours of the digestive system
260 ## - PUBLICATION, DISTRIBUTION, ETC. (IMPRINT)
Place of publication Lyon :
260 ## - PUBLICATION, DISTRIBUTION, ETC. (IMPRINT)
Name of publisher IARC Press
260 ## - PUBLICATION, DISTRIBUTION, ETC. (IMPRINT)
Year of publication 2000
300 ## - PHYSICAL DESCRIPTION
Number of Pages 314 p
942 ## - ADDED ENTRY ELEMENTS (KOHA)
Koha item type Books
Holdings
Withdrawn status Lost status Source of classification or shelving scheme Damaged status Not for loan Permanent Location Current Location Date acquired Accession Number Price effective from Koha item type
    Library of Congress Classification     NILE UNIVERSITY OF NIGERIA - MAIN LIBRARY NILE UNIVERSITY OF NIGERIA - MAIN LIBRARY 04/23/2025 0184699 04/23/2025 Books